Loading...
History - American History | 0 | 5 | 1 | 0 | 45 | 83 | 112.60 | 2 | 2 |
Social Science | 0 | 3 | 0 | 1 | 30 | 87 | 110.00 | 1 | 1 |
Fine Arts - Painting & Sculpture | 0 | 3 | 0 | 0 | 30 | 123 | 133.67 | 0 | 0 |
History - World History | 0 | 2 | 0 | 0 | 20 | 115 | 123.50 | 0 | 2 |
Fine Arts - Classical Music | 0 | 2 | 1 | 0 | 15 | 102 | 116.50 | 0 | 1 |
Other | 0 | 2 | 1 | 0 | 15 | 40 | 91.50 | 0 | 2 |
History - European History | 0 | 1 | 0 | 0 | 10 | 130 | 130.00 | 0 | 0 |
Fine Arts - Other Fine Arts | 0 | 1 | 0 | 0 | 10 | 106 | 106.00 | 0 | 0 |
Science - Physics | 0 | 1 | 0 | 0 | 10 | 121 | 121.00 | 0 | 0 |
Religion | 0 | 1 | 0 | 1 | 10 | 145 | 145.00 | 0 | 1 |
Science - Other Science | 0 | 1 | 1 | 0 | 5 | 93 | 93.00 | 0 | 1 |
Literature - British Literature | 0 | 0 | 0 | 0 | 0 | 0.00 | 0 | 0 | |
Literature - World Literature | 0 | 0 | 0 | 0 | 0 | 0.00 | 0 | 0 | |
Mythology | 0 | 0 | 0 | 0 | 0 | 0.00 | 0 | 0 | |
Science - Chemistry | 0 | 0 | 0 | 0 | 0 | 0.00 | 0 | 0 | |
Science - Biology | 0 | 0 | 1 | 0 | -5 | 0.00 | 0 | 0 |